000 00700nam a2200205Ii 4500
003 JO-AjNU
008 230605s9999||||xx |||||||||||||| ||und||
040 _aJO-AjNU
_bara
_erda
_cJO-AjNU
041 _aara
050 1 4 _aKMM83.2.S536.2005
100 3 _aالشمايلة ، ناصر جميل محمد,
_eauthor
_911156
245 0 0 _aالضرر الأدبي وانتقال الحق في التعويض عنة
250 _aط1
264 3 1 _aعمان : دار الاسراء ، 2005
300 _a271ص
336 _atext
_btxt
_2rdacontent
337 _aunmediated
_bn
_2rdamedia
338 _avolume
_bnc
_2rdacarrier
650 4 _aالضرر -- قوانين وتشريعات -- الأردن
_911157
999 _aA2177
_c5745
_d5745